ბათუმის შოთა რუსთაველის სახელმწიფო უნივერსიტეტის ბიბლიოთეკა

Проектирование установок первычной переработки нефти. (ბიბ.ჩანაწერი № 36990)

000 -LEADER
fixed length control field 00746nam a2200217Ia 4500
001 - CONTROL NUMBER
control field 2942
003 - CONTROL NUMBER IDENTIFIER
control field GE_BSU
008 - FIXED-LENGTH DATA ELEMENTS--GENERAL INFORMATION
fixed length control field 181216s||||||||xx |||||||||||||| ||und||
040 ## - CATALOGING SOURCE
Transcribing agency GE_BSU
080 ## - UNIVERSAL DECIMAL CLASSIFICATION NUMBER
Universal Decimal Classification number 665.65.001(075)
100 ## - MAIN ENTRY--PERSONAL NAME
Personal name Таматаров,М.А. Кондратьев,А.А. Ахметшина,М.Н. и др.
245 ## - TITLE STATEMENT
Title Проектирование установок первычной переработки нефти.
245 ## - TITLE STATEMENT
Remainder of title Учебник.
245 ## - TITLE STATEMENT
Statement of responsibility, etc. Ред. Г.И.Коледова.
260 ## - PUBLICATION, DISTRIBUTION, ETC.
Place of publication, distribution, etc. М.
260 ## - PUBLICATION, DISTRIBUTION, ETC.
Name of publisher, distributor, etc. Химия.
260 ## - PUBLICATION, DISTRIBUTION, ETC.
Date of publication, distribution, etc. 1976.
300 ## - PHYSICAL DESCRIPTION
Extent 200 стр. 22 см.
653 ## - INDEX TERM--UNCONTROLLED
Uncontrolled term Проектирование установок первычной переработки нефти.
942 ## - ADDED ENTRY ELEMENTS (KOHA)
Koha item type წიგნი
ეგზემპლარები
Withdrawn status Lost status Damaged status Not for loan Date acquired Barcode Date last seen Price effective from Koha item type
        2018-12-17 9522 2018-12-17 2018-12-17 წიგნი
        2018-12-17 9523 2018-12-17 2018-12-17 წიგნი
        2018-12-17 9524 2018-12-17 2018-12-17 წიგნი